| 000 | 00494cam a2200145 4500 | ||
|---|---|---|---|
| 082 | 0 | 0 |
_a521.31922028 _bGUI _cL-39, P-187 |
| 110 | 2 |
_aAmerican Society of Civil Engineers. _9702 |
|
| 245 | 1 | 0 | _aGuide for design of steel transmission towers. |
| 260 |
_aNew York _b[American Society of Civil Engineers] _c1971. |
||
| 300 |
_avii, 47 p. _billus. _c23 cm. |
||
| 526 |
_a0 _b0 _c0 _d521_319220280000000_GUI |
||
| 650 | 0 |
_aElectric lines _xPoles and towers. _946727 |
|
| 650 | 0 |
_aMCE _9379 |
|
| 942 |
_2ddc _cBK |
||
| 999 |
_c549984 _d549984 |
||